000 00665nam a22002177a 4500
003 UA-OsUOA
001 77461
007 ta
008 20110913b un ||||| |||| 00| 0 ukr d
100 _aНовиков К.
090 _a330(477)
_bН73
942 _cSA
040 _aUA-OsUOA
_bukr
_cUA-OsUOA
_dUA-OsUOA
245 _aФінансові переваги державного нейтралітету під час світових війн
300 _aС.39-44
955 _a0
041 _aukr
080 _a330(477)
773 0 _w77446
_tФінансовий ринок України
_dК.
_d2011
_g8
650 7 _a330 Економіка взагалі
_2UDC
999 _c363766
_d363766